MARC

LEADER 00000nam0a2200000 4500
001 12174
005 20231101204820.0
010 |a 5784600230 
035 |a (RuTPU)RU\TPU\book\12250 
035 |a BOOK00012316 
090 |a 12174 
100 |a 20011209d1998 km y0rusy50 ca 
101 0 |a rus 
102 |a RU 
105 |a a z 000zy 
200 1 |a Турбулентность многокомпонентных сред  |f А. В. Колесниченко, М. Я. Маров 
210 |a Москва  |c Наука  |d 1998 
215 |a 336 с.  |c ил. 
606 |a Турбулентность  |2 stltpush  |3 (RuTPU)RU\TPU\subj\62154  |9 79300 
606 |a Планетология  |2 stltpush  |3 (RuTPU)RU\TPU\subj\49001  |9 67813 
610 1 |a турбулентные течения 
610 1 |a многокомпонентные среды 
610 1 |a инвариантное моделирование 
610 1 |a математическое моделирование 
610 1 |a планеты 
610 1 |a газы 
610 1 |a механика 
610 1 |a астрофизика 
610 1 |a атмосфера 
675 |a 532.517.4  |v 3 
675 |a 523.4  |v 3 
700 1 |a Колесниченко  |b А. В.  |g Александр Владимирович 
701 1 |a Маров  |b М. Я.  |g Михаил Яковлевич 
801 0 |a RU  |b 63413507  |c 20011209  |g PSBO 
801 2 |a RU  |b 63413507  |c 20140214  |g PSBO 
942 |c BK